02348cam a22003135a 4500999001700000001000900017005001700026008004100043010001700084020004400101020004100145040002800186082001900214245020400233250001200437260003100449300003300480490006000513504005100573520105900624650005101683650004401734651001001778653002001788700003201808700003201840942000801872952015401880 c27443d274141811041820190509112204.0140409t2014 gw frb 001 0 eng d a 2014937905 a9783319068619 (soft cover : alk. paper) a331906861X (soft cover : alk. paper) aDLCbengcDLCdEG-ScBUE04a005.1bAGI22200aAgile processes in software engineering and extreme programming :b15th International Conference, XP 2014, Rome, Italy, May 26-30, 2014, Proceedings /c[edited by] Giovanni Cantone, Michele Marchesi. a1st ed. aCham :bSpringer,cc.2014. axv, 338 p. :bill. ;c24 cm.0 aLecture notes in business information processing ;v179 aIncludes bibliographical references and index. aThis book contains the refereed proceedings of the 15th International Conference on Agile Software Development, XP 2014, held in Rome, Italy, in May 2014. Because of the wide application of agile approaches in industry, the need for collaboration between academics and practitioners has increased in order to develop the body of knowledge available to support managers, system engineers, and software engineers in their managerial/economic and architectural/project/technical decisions. Year after year, the XP conference has facilitated such improvements and provided evidence on the advantages of agile methodologies by examining the latest theories, practical applications, and implications of agile and lean methods. The 15 full papers, seven short papers, and four experience reports accepted for XP 2014 were selected from 59 submissions and are organized in sections on: agile development, agile challenges and contracting, lessons learned and agile maturity, how to evolve software engineering teaching, methods and metrics, and lean development. 7aAgile software developmentvCongresses.2BUEsh 7aeXtreme programmingvCongresses.2BUEsh 2BUEsh bCOMSCIcMay20191 aCantone, Giovanni,eeditor.1 aMarchesi, Michele,eeditor. 2ddc 00102ddc40708BaccahaMAINbMAINcLOWd2019-05-09ePurchaseg672.00h2000088l1o005.1 AGIp000044648r2025-07-15 00:00:00s2023-10-07v840.00yBB